Normal view
MARC view
Entry Personal Name
001 - CONTROL NUMBER
- control field: 51576
003 - CONTROL NUMBER IDENTIFIER
- control field: ARRUPE
005 - DATE AND TIME OF LATEST TRANSACTION
- control field: 20220517080732.0
008 - FIXED-LENGTH DATA ELEMENTS
- fixed length control field: 220517|| aca||aabn | a|a d
040 ## - CATALOGING SOURCE
- Original cataloging agency: ARRUPE
- Transcribing agency: ARRUPE
100 ## - HEADING--PERSONAL NAME
- Personal name: Mannix, Daniel Pratt,
- Dates associated with a name: 1911-
670 ## - SOURCE DATA FOUND
- Source citation: Work cat.: (ARRUPE)131425: Mannix, Daniel Pratt, 1911-, Black cargoes;, [1962]